000
00322nam a2200109Ia 4500
008
171211s9999 xx 000 0 und d
245
_a
Long Walk to Freedom: The Autobiography of Nelson Mandela
245
_c
Nelson Mandela
260
_c
1995
650
_x
Biography
856
_u
http://down.ebook777.com/058/0316548189.pdf
999
_c
349990
_d
349990